Derecho procesal civil : (Record no. 24440)

MARC details
000 -LEADER
campo de control de longitud fija 01023nam a2200361Ia 4500
001 - NÚMERO DE CONTROL
campo de control 033870
008 - DATOS DE LONGITUD FIJA--INFORMACIÓN GENERAL
campo de control de longitud fija 221003s2008 xx 000 0 spa d
020 ## - NÚMERO INTERNACIONAL ESTÁNDAR DEL LIBRO
Número Internacional Estándar del Libro 978-84-9876-300-3
035 ## - NÚMERO DE CONTROL DEL SISTEMA
Número de control de sistema CENDO_24441
041 ## - CÓDIGO DE IDIOMA
Código de lengua del texto/banda sonora o título independiente spa
084 ## - OTRO NÚMERO DE CLASIFICACIÓN
Número de clasificación CD-11464
100 ## - ENTRADA PRINCIPAL--NOMBRE DE PERSONA
Nombre de persona CORTES DOMINGUEZ, Valentín
9 (RLIN) 13246
245 #0 - MENCIÓN DEL TÍTULO
Título Derecho procesal civil :
Resto del título parte general /
Mención de responsabilidad, etc. Valentín Cortés Domínguez y Víctor Moreno Catena
250 ## - MENCION DE EDICION
Mención de edición 3ª ed.
260 ## - PUBLICACIÓN, DISTRIBUCIÓN, ETC.
Lugar de publicación, distribución, etc. Valencia :
Nombre del editor, distribuidor, etc. Tirant lo Blanch,
Fecha de publicación, distribución, etc. 2008
300 ## - DESCRIPCIÓN FÍSICA
Extensión 446 p. ;
Dimensiones 24 cm
490 ## - MENCIÓN DE SERIE
Mención de serie Manuales
650 ## - PUNTO DE ACCESO ADICIONAL DE MATERIA--TÉRMINO DE MATERIA
Término de materia o nombre geográfico como elemento de entrada DERECHO PROCESAL
9 (RLIN) 2054
650 ## - PUNTO DE ACCESO ADICIONAL DE MATERIA--TÉRMINO DE MATERIA
Término de materia o nombre geográfico como elemento de entrada DERECHO CIVIL
9 (RLIN) 1505
650 ## - PUNTO DE ACCESO ADICIONAL DE MATERIA--TÉRMINO DE MATERIA
Término de materia o nombre geográfico como elemento de entrada PROCEDIMIENTO JUDICIAL
9 (RLIN) 732
650 ## - PUNTO DE ACCESO ADICIONAL DE MATERIA--TÉRMINO DE MATERIA
Término de materia o nombre geográfico como elemento de entrada CARGA DE LA PRUEBA
9 (RLIN) 1942
650 ## - PUNTO DE ACCESO ADICIONAL DE MATERIA--TÉRMINO DE MATERIA
Término de materia o nombre geográfico como elemento de entrada TEORIA LEGAL
9 (RLIN) 134
650 ## - PUNTO DE ACCESO ADICIONAL DE MATERIA--TÉRMINO DE MATERIA
Término de materia o nombre geográfico como elemento de entrada LEGISLACION
9 (RLIN) 111
650 ## - PUNTO DE ACCESO ADICIONAL DE MATERIA--TÉRMINO DE MATERIA
Término de materia o nombre geográfico como elemento de entrada ESPAÑA
9 (RLIN) 9
700 ## - ENTRADA AGREGADA--NOMBRE PERSONAL
Nombre de persona MORENO CATENA, Víctor
9 (RLIN) 13245
901 ## - ELEMENTOS DE DATOS A LOCAL LDA (RLIN)
a 1
903 ## - ELEMENTOS DE DATOS C LOCAL, LDC (RLIN)
a NO
904 ## - ELEMENTOS DE DATOS D LOCAL, LDD (RLIN)
a 000
953 ## -
-- 2012-08-23
-- MONOGRAFIA
-- CD-11464
-- Escuela Sindical
910 ## - DATOS DE OPCIÓN DEL USUARIO (OCLC)
Datos de opción del usuario 2008
942 ## - ELEMENTOS DE ENTRADA SECUNDARIOS (KOHA)
Tipo de ítem Koha Monografía
Holdings
Estatus retirado Estado de pérdida Estado de daño No para préstamo Biblioteca de origen Biblioteca actual Fecha de adquisición Total de préstamos Signatura topográfica completa Código de barras Visto por última vez Copia número Precio de reemplazo Tipo de ítem Koha
        CENDO CENDO 23/08/2012   CD-11464 CENDO_24441 05/10/2022 Escuela Sindical 05/10/2022 Monografía